Obras de Medardo Rivas. (Record no. 163587)

MARC details
000 -LEADER
campo de control de longitud fija 00672nam a2200169 i 4500
001 - NÚMERO DE CONTROL
campo de control 163587
003 - IDENTIFICADOR DE NÚMERO DE CONTROL
campo de control ES-MaACL
005 - FECHA Y HORA DE LA ÚLTIMA TRANSACCIÓN
campo de control 20230906212754.0
008 - DATOS DE LONGITUD FIJA--INFORMACIÓN GENERAL
campo de control de longitud fija 050714m18831885ck a | |||||||| ||spa d
040 ## - FUENTE DE CATALOGACIÓN
Centro catalogador/agencia de origen CAM
Lengua de catalogación spa
Centro/agencia transcriptor CAM
100 1# - ENTRADA PRINCIPAL--NOMBRE DE PERSONA
Nombre de persona Rivas, Medardo.
9 (RLIN) 131861
245 10 - MENCIÓN DEL TÍTULO
Título Obras de Medardo Rivas.
260 ## - PUBLICACIÓN, DISTRIBUCIÓN, ETC.
Lugar de publicación, distribución, etc. Bogota :
Nombre del editor, distribuidor, etc. Fernando Pontón editor,
Fecha de publicación, distribución, etc. 1883-1885 (
Fabricante Imprenta de Medardo Rivas)
300 ## - DESCRIPCIÓN FÍSICA
Extensión 2 v. ;
Dimensiones 25 cm.
505 8# - NOTA DE CONTENIDO CON FORMATO
Nota de contenido con formato Contiene: T.I, Novelas, artículos de costumbres, variedades, poesías (II, 596 p., [1] h. de lám.) - T.II, Viajes por Colombia, Francia, Inglaterra y Alemania (694 p., [15] h. de lám.)
852 ## - LOCALIZACIÓN
Ubicación ES-MaACL
Número de control de estantería G-6863-64
Nota libre -- Enc. hol.
Holdings
Estatus retirado Estado de pérdida Estado de daño No para préstamo Colección Biblioteca de origen Biblioteca actual Ubicación en estantería Fecha de adquisición Total de préstamos Signatura topográfica completa Código de barras Visto por última vez Precio de reemplazo Tipo de ítem Koha
        Libros del s. XIX Biblioteca del Ateneo de Madrid Biblioteca del Ateneo de Madrid Depósito 2 17/01/2008   G-6863-64 1171425 23/02/2023 23/02/2023 Libro impreso antiguo